000 00553cam a2200217ua 4500
001 7206
005 20260515114153.0
008 141204n ii |||gr||||Z||||||eng
020 _a9788127244002
040 _cMAIN
041 _aeng
082 _a657
100 _aJain, S.P.,
_eAuthor.
245 _aAdvanced accounntancy :
_bPrinciples of accounting /
_cBy S.P. Jain .
250 _a15th rev.
260 _aNew Delhi:
_bKalyani,
_c2008.
300 _a1122p.
653 _aAdvanced accountancy
700 _aNarang, K.L.,
_eAuthor.
942 _cBK
999 _c6326
_d6326